Statistics for Countries bordering Ukraine

Click here to take the quiz!

General Stats

  • This quiz has been taken 665 times
  • The average score is 6 of 7

Answer Stats

Bordering Country% Correct
Russia
99%
Belarus
96%
Romania
94%
Poland
93%
Moldova
92%
Hungary
88%
Slovakia
86%

Score Distribution

Percentile by Number Answered

Percent of People with Each Score

Your Score History

You have not taken this quiz